| 000 | 00475nam a2200157Ia 4500 | ||
|---|---|---|---|
| 008 | 151021s9999 xx 000 0 und d | ||
| 020 | _a716768062 | ||
| 050 | _aBF 121.M935 2008 | ||
| 245 | _a_The developing person Through chilldhood and adolescent [7th ed.] | ||
| 260 | _aNew York worth publishers 2006 | ||
| 300 | _axiv,248p. | ||
| 500 | _aIncludes index | ||
| 500 | _aIncludes index | ||
| 650 | _a_Theories of development | ||
| 980 | _a^d20140213 10:20:28^oanne | ||
| 999 |
_c13617 _d13617 |
||